00258nam a2200109 a 4500008004100000020001500041050002000056100001800076245002300094260002200117350000900139120416s1997 ||||||||||||||||| || u a0750632429 aQA 76.73.P2 Mac aMcBride, P. K10aPascal made simple aOxfordbB-Hc1997 a0.00